Statistiques concernant Les personnages de Benjamin Tranié

Cliquez ici pour prendre le quiz!

Statistiques générales

  • Ce quiz a été pris 17 fois
    (2 depuis la dernière actualisation)
  • Le résultat moyen est 6 sur 21

Statistiques - réponses

IndiceRéponse% Correct
Roi des beaufsBenjamin Tranié
100%
Editorialiste au Nouvel ObtusApollin de Malbeuh
50%
Agent des starsClaude Bourbier
50%
Coach en séductionFab_Sex_Alpha
50%
Critique gastronomiqueFrançois Saucisson
50%
Ingénieur chez TEUBJean-Baptiste Terrier (Jib)
50%
Consultant cyclisteLaurent Vlalaverge
50%
Maire de MourouxRomain de Bontaga
50%
Narrateur de podcasts policiersTranié Raconte
50%
Linguiste et politologue à SciencesPo de PêcheVictor Clementovitch
50%
Animateur sur Gentrifik FMBruno Mignon
0%
Ancien docteur devenu proctologue des starsDocteur Doiquissan
0%
Monument du théâtre français, metteur en scèneFrancis Hustler
0%
Rappeur du groupe SPG avec son compère ZoubirKevin de SPG
0%
Professeur d'histoire-géo au Lycée Magali BerdahLucien Lalario
0%
Influenceur mindset de développement personnelObjectif Moulardaire
0%
Aristocrate candidat à la mairie de MourouxPhilibert Lomprépux
0%
PDG de DTF RoboticsPierre-Yves Bolduc
0%
Présentateur de "Debout il est 16h les zouzous"Tanguy Moulette
0%
Caricaturiste-polémiste chez Michel L'eebdoVeroku
0%
Conseiller d'Anne HidalgoVincent Grossard
0%

Distribution des résultats

Percentile par nombre de réponses

% des personnes avec chaque résultat

Votre développement - résultats

Vous n’avez pas pris ce quiz depuis la dernière actualisation